00477nam a2200181 a 450000100060000000300090000600800410001502000180005604000280007408200180010210000190012024500450013926000250018430000100020965000220021965000230024165000310026424016CO-ViMGA141112s2004 ck r 000 u spa d a9789584216502 aCO-ViMGAbspacCO-ViMGA04aCo863.6 M353h1 aMendoza, Mario10aLos hombres invisibles / cMario Mendoza aColombia : bPlaneta a303p.14aFAMILIA - NOVELA 14aNOVELA COLOMBIANA 14aVIDA EN LA SELVA - NOVELA